000 00662nam a22001697a 4500
003 NUST
082 _a621.382,SHA
100 _aShafique, Khawaja Arsalan
_9132992
245 _aSmart Wrist Band /
_cKhawaja Arsalan Shafique, Sohail Ahmed, Ayub Nathaniel and Nauman Anaar (BETE-54 .TCC-29)
260 _aRawalpindi
_bMCS (NUST)
_cJUNE, 2021
300 _avii, 49 p.;
505 _aIntroduction (Page-x), Methodology (Page-13), Coding and Simulation Result (Page-31), Conclusion (Page-49), References (Page-50).
650 _aUG Project
_9131132
651 _a(BETE-54 .TCC-29)
_9132912
700 _aSupervised by Dr. Imran Touqir
_9132440
942 _2ddc
_cPR
999 _c615967
_d615967